| 000 | 01731nam a22002537a 4500 | ||
|---|---|---|---|
| 005 | 20240305165622.0 | ||
| 007 | cr|||| |||| | ||
| 008 | 211125c20019999za ar|w s|||| 0|||b1eng d | ||
| 022 | _a0379-8410 | ||
| 035 | _a33748 | ||
| 040 | _avLex | ||
| 090 |
_c12689 _d12689 |
||
| 245 | 0 | 0 |
_aSouth African Journal of Labour Relations _h[Recurso electrónico] / |
| 256 | _aServicio en línea | ||
| 260 |
_aPretoria: _bSabinet African Journals, _c2001 - |
||
| 300 | _a1 recurso electrónico | ||
| 310 | _aAnual | ||
| 500 | _aApart from articles of an academic nature which are research based, the journal will publish commentaries, analyses, overviews, case studies, survey results and reports on aspects related to employment relations (in the broadest sense) in South and southern Africa in particular as well as any relevant international issues in terms of current ideas, theory-building and developments in practice. While interested authors from any country are invited to submit their work for possible publication, Africa-related themes are especially encouraged in the context of the dire need to develop indigenous theory and understanding of people management in the African context. This journal is continued by African Journal of Employee Relations. | ||
| 506 | 1 |
_aDisponible solo en los productos indicados _dvLex Global _dvLex Global (Academic Edition, excluding Law Schools) _dvLex Global (U.S. Academic Edition, Law Schools) _dvLex Global (U.S. Academic Edition, excluding Law Schools) _dvLex Global (Academic Edition, Law Schools) |
|
| 650 | 0 | 4 |
_aDerecho Laboral y Seguridad Social _zSudáfrica |
| 740 | 0 | _avLex Revistas (Servicio en línea) | |
| 856 | 4 | 0 | _uhttps://app.vlex.com/#/sources/33748 |
| 942 | _cRAA | ||
| 999 |
_c170925 _d170925 |
||